EPIC: The Musical - Lyrics Sort #7 - Survive - Statistics

General Stats
  • This quiz has been taken 113 times
  • The average score is 19 of 49
Answer Stats
Hint Answer % Correct
Line 1 (Polyphemus) [1]
97%
Line 2 (Polyphemus) [2]
97%
Line 5 And if we're defeated, they're good as dead
44%
Line 3 My brothers
44%
Line 15 And when we kill him, then our journey's over [1]
42%
Line 17 Defeat is not allowed [1]
42%
Line 14 It's just one life to take [1]
42%
Line 9 No backup
42%
Line 10 No chance for support, so draw out your swords
42%
Line 16 No dying on me now
42%
Line 11 Our foe must be thwarted right here and now
42%
Line 12 Show me how great is your will to survive
42%
Line 13 Six hundred lives at stake [1]
42%
Line 6 Straight ahead
42%
Line 7 That is who we're fighting
42%
Line 4 The rest of our fleet, they wait at the beach
42%
Line 21 And stay in his blind spot
39%
Line 22 And strike his heels (strike the heels)
39%
Line 20 Attack from behind, keep distance in mind
39%
Line 8 (Polyphemus) [3]
39%
Line 18 We must live through this day, so fight, fight, fight [1]
39%
Line 32 And when we kill him, then our journey's over [2]
36%
Line 34 Defeat is not allowed [2]
36%
Line 48 Escape is not allowed
36%
Line 28 Find a breach
36%
Line 27 He can't land a blow if we're out of reach
36%
Line 26 He's strong but he's slow
36%
Line 31 It's just one life to take [2]
36%
Line 23 Show him that we're deadly (ha, ha!)
36%
Line 30 Six hundred lives at stake [2]
36%
Line 45 Six hundred lives I'll break
36%
Line 29 Stand up and fight for your lives
36%
Line 19 Surround him (surround him)
36%
Line 35 We must live through this day so fight, fight, fight [2]
36%
Line 47 You're dying here and now
36%
Line 49 You won't live through this day, now die, die
36%
Line 46 And when I kill you, then my pain is over
33%
Line 36 Captain [1]
33%
Line 41 Captain? [2]
33%
Line 42 Captain! [3]
33%
Line 25 Don't let him get close
33%
Line 37 Enough
33%
Line 24 Exhaust him (exhaust him)
33%
Line 33 (Push forward) no dying on us now
33%
Line 44 Six hundred lives I'll take
33%
Line 43 You've hurt me enough
33%
Line 40 What are our orders?
31%
Line 38 He's got a club [1]
28%
Line 39 He's got a club! [2]
28%
No matching quizzes found
Score Distribution
Percent of People with Each Score
Percentile by Number Answered
Your Score History
You have not taken this quiz